| 000 | 00613nam a2200181 i 4500 | ||
|---|---|---|---|
| 001 | 32354 | ||
| 003 | ES-MaACL | ||
| 005 | 20230910063044.0 | ||
| 007 | t| | ||
| 008 | 030131s1903 it ||||1| ita d | ||
| 100 | 1 |
_aBenito y Endara, Lorenzo, _d1855-1932 _927698 |
|
| 245 | 1 | 3 |
_aLa riforma dell'art. 446 del códice di commercio spagnolo / _cLorenzo Benito. |
| 260 |
_aMilano : _bFrancesco Vallardi, _c1903. |
||
| 300 |
_a4 p. ; _c24 cm. |
||
| 500 | _aEstratto dalla Rivista di diritto commerciale e marittimo (Anno I, fascicolo 5, 1903. | ||
| 852 |
_aES-MaACL _jT-164-F-12 |
||
| 999 |
_c32354 _d32354 |
||